[Event "Brandenburg Seniors op 12th"]
[Site "Rowy"]
[Date "2003.06.18"]
[Round "2"]
[White "Lachmirowicz, Maciej"]
[Black "Knapik, Andrzej"]
[Result "1-0"]
[WhiteElo "1778"]
[BlackElo "1944"]
[PlyCount "51"]
[EventDate "2003.06.??"]
[EventType "swiss"]
[EventRounds "9"]
[EventCountry "POL"]
[SourceTitle "EXT 2006"]
[Source "ChessBase"]
[SourceDate "2005.11.24"]
[SourceVersion "1"]
[SourceVersionDate "2005.11.24"]
[SourceQuality "1"]

1. e4 a6 2. Nf3 b5 3. d4 Bb7 4. Bd3 e6 5. a3 c5 6. dxc5 Bxc5 7. Nc3 Nf6 8. 0-0 0-0 9. Bg5 Be7 10. Qe2 d6 11. Rad1 Nfd7 12. Bxe7 Qxe7 13. Rfe1 Nc5 14. Rd2 Nbd7 15. Red1 Nf6 16. e5 dxe5 17. Nxe5 Nxd3 18. Rxd3 Rfd8 19. h3 g6 20. Qe3 Qc7 21. Qg5 Nd5 22. Ng4 Kg7 23. Qh6+ Kh8 24. Nxd5 Rxd5 25. Rxd5 f5 26. Rd7 1-0